00414nam a2200157Ia 4500008004100000100002200041245005700063245002200120260000700142260001300149260000900162300000700171500003500178650002300213650002000236190406s9999 xx 000 0 und d aGabriele La Spada aCompetition, Reach For Yield, and Money Market Funds cGabriele La Spada bCL belsevier c2018 aCL aJournal of Financial Economics xMoney Market Funds xReach for Yield